Improvement of Procurement Strategy of Wah Nobel Chemicals Limited through Spend Analysis and Business Process Redesign/ (Record no. 607560)
[ view plain ]
| 000 -LEADER | |
|---|---|
| fixed length control field | 00584nam a22001697a 4500 |
| 003 - CONTROL NUMBER IDENTIFIER | |
| control field | NUST |
| 038 ## - RECORD CONTENT LICENSOR | |
| Staff Name | Nusrat Nadeem |
| 082 ## - DEWEY DECIMAL CLASSIFICATION NUMBER | |
| Classification number | 658.3 |
| 100 ## - MAIN ENTRY--PERSONAL NAME | |
| Personal name | Iqbal, Raheel |
| 245 ## - TITLE STATEMENT | |
| Title | Improvement of Procurement Strategy of Wah Nobel Chemicals Limited through Spend Analysis and Business Process Redesign/ |
| Statement of responsibility, etc. | Raheel Iqbal |
| 264 ## - PRODUCTION, PUBLICATION, DISTRIBUTION, MANUFACTURE, AND COPYRIGHT NOTICE | |
| Place of production, publication, distribution, manufacture | Islamabad, |
| Name of producer, publisher, distributor, manufacturer | NBS NUST, |
| Date of production, publication, distribution, manufacture, or copyright notice | 2023. |
| 300 ## - PHYSICAL DESCRIPTION | |
| Extent | ill: |
| Other physical details | 31,p: |
| Dimensions | 30,cm. |
| 650 ## - SUBJECT ADDED ENTRY--TOPICAL TERM | |
| Topical term or geographic name entry element | Executive MBA |
| 700 ## - ADDED ENTRY--PERSONAL NAME | |
| Personal name | Supervisor:Dr. Muhammad Moazzam |
| 856 ## - ELECTRONIC LOCATION AND ACCESS | |
| Uniform Resource Identifier | <a href="http://10.250.8.41:8080/xmlui/handle/123456789/40639">http://10.250.8.41:8080/xmlui/handle/123456789/40639</a> |
| 942 ## - ADDED ENTRY ELEMENTS (KOHA) | |
| Source of classification or shelving scheme | |
| Koha item type | Soft Copy |
| Withdrawn status | Permanent Location | Current Location | Date acquired | Full call number | Barcode | Koha item type |
|---|---|---|---|---|---|---|
| Central Library (CL) | Central Library (CL) | 01/26/2024 | 658.3 | CL-T-7022 | Soft Copy |
